| 000 | 00445nam a2200205Ia 4500 | ||
|---|---|---|---|
| 001 | 13522 | ||
| 003 | GE_BSU | ||
| 008 | 181216s||||||||xx |||||||||||||| ||und|| | ||
| 020 | _a0006132634 | ||
| 040 | _cGE_BSU | ||
| 080 | _a821.111-3 | ||
| 100 | _aCallison,Brian; | ||
| 245 | 4 | _aThe Dawn Attack. | |
| 260 | _aNew York. | ||
| 260 | _bFontana/Collins. | ||
| 260 | _c1972 | ||
| 300 | _a256p;18cm. | ||
| 653 | _aThe Dawn Attack. | ||
| 942 | _cBK | ||
| 999 |
_c46681 _d46681 |
||